=LDR 00000nam 2200000 4500 =001 NUTBA000000000000966 =005 20140407150754.0 =006 =007 =008 =020 ##$$a 979-691-161-2 =035 ##$$0010-041400000000236 =082 ##$$a 310-Suh-s =100 ##$$a Suharyadi =245 ##$$a Statistika untuk ekonomi & keuangan modern =250 ##$$a Ed.1 =260 ##$$a jakarta $b Salemba Empat $c 2003 =300 ##$$a xiii,318 hlm $c 25 cm =990 ##$$a 93027/BPAP-NTB/2014 =990 ##$$a 0001/BPAP-NTB/2015 =990 ##$$a 0001/BPAP-NTB/2016